00568cam a2200145Ma 4500020002500000020002200025040001000047082002600057245013500083260007600218300003300294650001600327650001800343710006100361 a9789251069271 (pbk.) a9251069271 (pbk.) cUKMGB a338 FOO 2011 A017 Or.04aThe state of food insecurity in the world :bhow does international price volatility affect domestic economies and food security?. aRome :bFood and Agriculture Organization of the United Nations,c2011. a50 p. :bcol. ill. ;c30 cm. 0aFood prices 0aFood security2 aFood and Agriculture Organization of the United Nations.